书目信息 |
| 题名: |
离散系统分析动力学
|
|
| 作者: | 罗森伯 著 ;程〓巽 , 郭坤 译 | |
| 分册: | ||
| 出版信息: | 北京 人民教育出版社 1981.12 |
|
| 页数: | 432页 | |
| 开本: | 21cm | |
| 丛书名: | ||
| 单 册: | ||
| 中图分类: | O316 | |
| 科图分类: | ||
| 主题词: | 理论力学 , 一般力学 | |
| 电子资源: | ||
| ISBN: | ||
| 000 | 00677nam0 2200241 45 | |
| 001 | 0405180925 | |
| 005 | 20040629151306.5 | |
| 010 | @dCNY1.80 | |
| 091 | @a15012.0381 | |
| 100 | @a20040518d1981 km y0chiy0120 ea | |
| 101 | 0 | @achi@ceng |
| 105 | @a z 000yy | |
| 200 | 1 | @a离散系统分析动力学@ALi San Xi Tong Fen Xi Dong Li Xue@f(美)罗森伯著@F(Mei)Luo Sen Bo Zhu@g程〓巽,郭坤译 |
| 210 | @a北京@c人民教育出版社@d1981.12 | |
| 215 | @a432页@d21cm | |
| 606 | 0 | @a理论力学 |
| 606 | 0 | @a一般力学 |
| 690 | @aO316@v3 | |
| 701 | 0 | @a罗森伯@4著 |
| 702 | 0 | @a程〓巽@ACheng〓Xun@4译 |
| 702 | 0 | @a郭坤@AGuo Kun@4译 |
| 801 | @aCN@bPftUser@c20040518 | |
| 905 | @dO316@e2@f1@b94446 | |
| 离散系统分析动力学/(美)罗森伯著/程〓巽,郭坤译.-北京:人民教育出版社,1981.12 |
| 432页;21cm |
| ISBN :CNY1.80 |
| ● |
| 相关链接 |
|
|
|
|
正题名:离散系统分析动力学
索取号:O316/2
 
预约/预借
| 序号 | 登录号 | 条形码 | 馆藏地/架位号 | 状态 | 备注 |
| 1 | 0094446 | 001932378 | 第三借阅区/ [索取号:O316/2] | 在馆 | |
| 2 | 0094447 | 000384435 | 第三借阅区/ [索取号:O316/2] | 在馆 | |
| 3 | 0094448 | 000384444 | 第二样本阅览室/ [索取号:O316/2] | 在馆 |